00832cam a22002411 4500001001300000003000400013005001700017008004100034010001700075035002000092040001900112042001200131050002100143111009800164245008000262260005600342300003500398650001800433651002600451710004800477710004800525999001700573ne 65000303 DLC20260227111811.0870929s1963 ua 100 0 eng  ane 65000303  a(OCoLC)16771748 aDLCcOrPSdDLC apremarc00aHD5701b.R4 19632 aRegional Seminar on Problems of Planning the Labour Force and Its Employmentd(1963 :cCairo)00aRegional Seminar on Problems of Planning the Labour Force & Its Employment; aCairo,bInstitute of National Planningc[1963 or 4] a1 v. (various pagings)c28 cm. 0aLabor supply. 0aDeveloping countries.2 aInternational Institute for Labour Studies.2 aMaʻhad al-Takhṭīṭ al-Qawmī (Egypt) c47914d47914